00488nam a2200205Ia 4500003000400000005001700004008004100021020000600062040000700068041000800075082002400083100001700107245003700124260004900161300001200210365001300222650001400235650001900249700001400268OSt20240723110046.0210423s2008 xx 000 0 und d a- cAL aeng a336.243 223bMEHC aMehrotra H C aCorporate tax planning 2008-2009 aNew DelhibSahitya Bhawan Publicationsc2008 a315bPB b160cINR aEconomics aPublic Finance aGoyal S P